Loading...
| Philosophy | 0 | 7 | 2 | 1 | 60 | 63 | 81.71 | 3 | 4 | 0.00 | 0.00 |
| Literature - American | 0 | 6 | 2 | 0 | 50 | 98 | 108.67 | 1 | 5 | 0.00 | 0.00 |
| Fine Arts - Painting and Sculpture | 0 | 5 | 0 | 0 | 50 | 81 | 102.80 | 0 | 3 | 0.00 | 0.00 |
| Literature - European | 0 | 6 | 2 | 1 | 50 | 82 | 121.33 | 0 | 1 | 0.00 | 0.00 |
| Literature - British | 0 | 4 | 1 | 0 | 35 | 66 | 111.00 | 0 | 2 | 0.00 | 0.00 |
| Social Science | 0 | 4 | 2 | 0 | 30 | 78 | 92.50 | 0 | 2 | 0.00 | 0.00 |
| Literature - World | 0 | 3 | 0 | 1 | 30 | 95 | 122.67 | 1 | 2 | 0.00 | 0.00 |
| Science - Physics | 0 | 4 | 2 | 1 | 30 | 78 | 100.25 | 1 | 3 | 0.00 | 0.00 |
| Science - Chemistry | 0 | 3 | 1 | 0 | 25 | 101 | 107.67 | 0 | 0 | 0.00 | 0.00 |
| Fine Arts - Classical Music | 0 | 3 | 1 | 0 | 25 | 112 | 121.33 | 0 | 1 | 0.00 | 0.00 |
| History - American | 0 | 2 | 0 | 1 | 20 | 92 | 99.50 | 0 | 1 | 0.00 | 0.00 |
| Fine Arts - Other | 0 | 3 | 2 | 0 | 20 | 92 | 117.33 | 0 | 1 | 0.00 | 0.00 |
| History - Other | 0 | 2 | 0 | 1 | 20 | 95 | 112.00 | 0 | 1 | 0.00 | 0.00 |
| Pop Culture | 0 | 1 | 0 | 0 | 10 | 45 | 45.00 | 0 | 1 | 0.00 | 0.00 |
| Religion | 0 | 1 | 1 | 1 | 5 | 130 | 130.00 | 0 | 0 | 0.00 | 0.00 |
| Science - Biology | 0 | 1 | 2 | 0 | 0 | 103 | 103.00 | 0 | 0 | 0.00 | 0.00 |
| Science - Other | 0 | 1 | 2 | 0 | 0 | 114 | 114.00 | 0 | 1 | 0.00 | 0.00 |
| History - World | 0 | 0 | 0 | 0 | 0 | 0.00 | 0 | 0 | 0.00 | 0.00 | |
| Mythology | 0 | 0 | 1 | 0 | -5 | 0.00 | 0 | 0 | 0.00 | 0.00 |